[Event "10th Sharjah Cup Women 2020"]
[Site "Sharjah"]
[Date "2020.01.07"]
[Round "4.18"]
[White "Amal, Fadel S M Alshamsi"]
[Black "Boshra, Alshaeby"]
[Result "0-1"]
[WhiteElo "1403"]
[BlackElo "1979"]
[Annotator "NA"]
[PlyCount "108"]
[EventDate "2020.01.04"]
[EventType "swiss"]
[EventCountry "UAE"]
[SourceTitle "playchess.com"]
[Source "ChessBase"]
[SourceQuality "1"]
[TimeControl "5400+30"]

1. e4 {[%emt 0:00:00]} c5 {[%emt 0:00:00]} 2. Nf3 {[%emt 0:00:00]} g6 {[%emt 0:00:00]} 3. d4 {[%emt 0:00:00]} cxd4 {[%emt 0:00:00]} 4. Nxd4 {[%emt 0:00:00]} Bg7 {[%emt 0:00:18]} 5. Nc3 {[%emt 0:00:00]} Nc6 {[%emt 0:00:06]} 6. Be3 {[%emt 0:00:00]} Nf6 {[%emt 0:00:05]} 7. Bc4 {[%emt 0:00:48]} Qa5 {[%emt 0:00:07]} 8. O-O {[%emt 0:13:11]} O-O {[%emt 0:00:04]} 9. Bb3 {[%emt 0:01:12]} d6 {[%emt 0:00:43]} 10. h3 {[%emt 0:00:19]} Bd7 {[%emt 0:00:49]} 11. Re1 {[%emt 0:16:04]} Rac8 {[%emt 0:04:14]} 12. f4 {[%emt 0:09:17] B35: Sicilian: Accelerated Dragon with 5 Nc3: main line} (12. Qd2 Qa6 13. f4 Rfd8 14. Rad1 b5 15. Ndxb5 Nxe4 16. Qd5 Nf6 17. Qxf7+ Kh8 18. Qc4 Qb7 19. Qe2 Rf8 {½-½ (47) Sasikiran,K (2669)-Matlakov,M (2714) Khanty-Mansiysk 2017}) 12... Rfe8 {[%emt 0:20:48]} 13. g4 $146 {[%emt 0:18:48]} ({Predecessor:} 13. Nf3 $14 Qh5 14. Ng5 Rf8 15. Qxh5 Nxh5 16. g4 Bxc3 17. bxc3 Nf6 18. Bf2 h6 19. Nxf7 Rxf7 {1-0 (45) Pikula,D (2471)-Kiremitciyan,A (2307) Veliko Gradiste 2018}) 13... Nxd4 {[%emt 0:17:14]} 14. Bxd4 {[%emt 0:00:42]} e5 {[%emt 0:00:26]} 15. fxe5 {[%emt 0:04:03]} dxe5 {[%emt 0:00:05]} 16. Be3 {[%emt 0:01:53]} Be6 {[%emt 0:09:35]} 17. Qf3 {[%emt 0:10:55]} b5 {[%emt 0:13:29]} 18. Nd5 {[%emt 0:06:30]} Nd7 {[%emt 0:13:01]} 19. Qf2 {[%emt 0:01:02]} a6 {[%emt 0:08:08]} 20. Rad1 {[%emt 0:03:33]} b4 {[%emt 0:03:03]} 21. Bd2 {[%emt 0:06:40]} Bf8 {[%emt 0:01:13]} 22. Be3 {[%emt 0:03:07]} Qb5 {[%emt 0:04:08]} 23. Qe2 {[%emt 0:02:33]} Qxe2 {[%emt 0:01:55]} 24. Rxe2 Kg7 25. Ba4 {[%emt 0:01:02]} Red8 {[%emt 0:01:53]} 26. Red2 {[%emt 0:00:47]} Nc5 {[%emt 0:00:30]} 27. Bxc5 {[%emt 0:00:25]} Bxc5+ {[%emt 0:00:01]} 28. Kg2 {[%emt 0:00:21]} a5 {[%emt 0:01:21]} 29. Kf3 {[%emt 0:00:16]} h6 {[%emt 0:00:34]} 30. Nc7 {[%emt 0:00:27]} Bxg4+ {[%emt 0:00:33]} 31. hxg4 {[%emt 0:00:01]} Rxd2 {[%emt 0:00:00]} 32. Rxd2 {[%emt 0:00:36]} Rxc7 {[%emt 0:00:04]} 33. Rd5 {[%emt 0:00:16]} Bd4 {[%emt 0:00:36]} 34. Rxa5 {[%emt 0:01:06]} Bxb2 {[%emt 0:00:05]} 35. Rd5 $17 {[%emt 0:00:32]} Kf6 {[%emt 0:01:20]} 36. Rd6+ {[%emt 0:00:50]} Ke7 {[%emt 0:00:38]} 37. Rd5 {[%emt 0:00:25]} Bd4 {[%emt 0:00:16]} 38. Rb5 {[%emt 0:00:45]} Bc3 {[%emt 0:00:08]} 39. Rd5 {[%emt 0:00:03]} Bd4 {[%emt 0:01:00]} 40. Rb5 {[%emt 0:00:15]} Bc5 {[%emt 0:00:53]} 41. Rb8 {[%emt 0:00:19]} Kf6 {[%emt 0:00:19]} 42. Rh8 {[%emt 0:00:36]} Kg5 {[%emt 0:00:24]} 43. Bb3 {[%emt 0:00:53]} Bd4 {[%emt 0:00:37]} 44. Rf8 {[%emt 0:00:35]} f6 {[%emt 0:00:23]} 45. Kg2 {[%emt 0:00:34]} Rc3 {[%emt 0:00:35]} 46. Rb8 $2 {[%emt 0:00:15]} (46. Rg8) 46... Re3 {[%emt 0:00:44]} 47. Rxb4 {[%emt 0:00:18]} Rxe4 {[%emt 0:00:28]} 48. Be6 {[%emt 0:01:03]} Re2+ {[%emt 0:00:07]} 49. Kf3 {[%emt 0:00:31]} Rxc2 {[%emt 0:00:14]} 50. a4 {[%emt 0:00:08]} f5 {[%emt 0:00:45]} 51. gxf5 {[%emt 0:00:15]} gxf5 {[%emt 0:00:05]} 52. Rb1 {[%emt 0:00:44]} e4+ {[%emt 0:00:14]} 53. Kg3 {[%emt 0:00:06]} Be5+ {[%emt 0:00:09]} 54. Kh3 {[%emt 0:00:12]} Rh2# 0-1

[Event "10th Sharjah Cup Women 2020"]
[Site "Sharjah"]
[Date "2020.01.07"]
[Round "4.19"]
[White "Al-Hammadi, Maryam Hussein"]
[Black "Kyrkjebo, Hanna B."]
[Result "0-1"]
[WhiteElo "1387"]
[BlackElo "1963"]
[Annotator "NA"]
[PlyCount "94"]
[EventDate "2020.01.04"]
[EventType "swiss"]
[EventCountry "UAE"]
[SourceTitle "playchess.com"]
[Source "ChessBase"]
[SourceQuality "1"]
[TimeControl "5400+30"]

1. e4 {[%emt 0:00:00]} e5 {[%emt 0:01:40]} 2. Nf3 {[%emt 0:00:00]} Nc6 {[%emt 0:00:05]} 3. Bb5 {[%emt 0:00:00]} a6 {[%emt 0:00:08]} 4. Ba4 {[%emt 0:00:14]} Nf6 {[%emt 0:00:20]} 5. Qe2 {[%emt 0:00:16]} b5 {[%emt 0:00:18]} 6. Bb3 {[%emt 0:00:08]} Bc5 {[%emt 0:00:14]} 7. a4 {[%emt 0:02:20]} Rb8 {[%emt 0:01:49]} 8. axb5 {[%emt 0:00:33]} axb5 {[%emt 0:00:18]} 9. d3 {[%emt 0:02:37] C77: Ruy Lopez: 3...a6 4 Ba4 Nf6, unusual lines} h6 {[%emt 0:02:10]} (9... d6 10. Be3 Bxe3 11. fxe3 Ne7 12. O-O Ng6 13. Nc3 Be6 14. Bxe6 fxe6 15. b4 O-O 16. Ra6 Qc8 17. Rfa1 c5 18. Rxd6 cxb4 19. Nd1 Qc5 20. Rda6 Rbc8 21. R6a2 Ne7 22. Nf2 {½-½ (22) Shyam,S (2532)-Sasikiran,K (2661) Sitges 2016}) 10. Be3 {[%emt 0:03:28]} Bb6 {[%emt 0:08:01]} 11. c3 {[%emt 0:04:30]} d6 {[%emt 0:10:39]} 12. Nbd2 {[%emt 0:03:00]} O-O {[%emt 0:01:19]} 13. O-O {[%emt 0:03:34]} Bg4 {[%emt 0:02:13]} 14. h3 {[%emt 0:01:56]} Bd7 $146 {[%emt 0:04:37]} ({Predecessor:} 14... Bh5 15. Rfe1 Bg6 16. Nf1 Nh5 {0-1 (49) Amin,B (2166)-Jenni,F (2461) Biel 2001}) 15. Rfd1 {[%emt 0:02:50]} Re8 {[%emt 0:03:16]} 16. Nf1 {[%emt 0:02:13]} b4 {[%emt 0:02:31]} 17. c4 {[%emt 0:07:17]} Bxe3 {[%emt 0:10:59]} 18. Nxe3 {[%emt 0:01:58]} Ne7 {[%emt 0:01:18]} 19. Kh2 {[%emt 0:04:58]} Ng6 {[%emt 0:01:57]} 20. g3 {[%emt 0:02:05]} Qc8 {[%emt 0:00:39]} 21. Ng1 {[%emt 0:00:42]} c6 {[%emt 0:01:33]} 22. Rf1 {[%emt 0:07:50]} Ra8 {[%emt 0:05:08]} 23. Qd2 {[%emt 0:03:54]} Rxa1 {[%emt 0:04:30]} 24. Rxa1 {[%emt 0:00:19]} Qb7 {[%emt 0:00:31]} 25. Ne2 {[%emt 0:03:00]} Ne7 $11 {[%emt 0:04:51]} 26. f4 {[%emt 0:08:18]} exf4 {[%emt 0:05:39]} 27. Nxf4 {[%emt 0:00:26]} c5 {[%emt 0:02:29]} 28. Qd1 {[%emt 0:04:03]} Ra8 {[%emt 0:03:01]} 29. Ba4 {[%emt 0:08:09]} Qa7 {[%emt 0:04:08]} 30. b3 {[%emt 0:01:20]} Qb8 {[%emt 0:05:52]} 31. Bxd7 {[%emt 0:01:11]} Nxd7 {[%emt 0:00:27]} 32. Nfd5 {[%emt 0:03:20]} Nxd5 {[%emt 0:03:51]} 33. Nxd5 {[%emt 0:00:10]} Ne5 {[%emt 0:01:04]} 34. Rxa8 {[%emt 0:04:07]} Qxa8 {[%emt 0:00:06]} 35. Qb1 {[%emt 0:00:19]} Qa3 {[%emt 0:03:04]} 36. Kg2 {[%emt 0:00:52]} Nc6 {[%emt 0:00:32]} 37. Qd1 {[%emt 0:10:22]} Nd4 {[%emt 0:01:09]} 38. Qg4 {[%emt 0:02:16]} Qb2+ {[%emt 0:01:54]} 39. Kf1 {[%emt 0:00:19]} Qc1+ {[%emt 0:00:30]} 40. Kf2 {[%emt 0:00:56]} Qd2+ {[%emt 0:00:28]} 41. Kf1 {[%emt 0:01:19]} Qxd3+ {[%emt 0:00:36]} 42. Kf2 {[%emt 0:00:18]} Qd2+ {[%emt 0:02:34]} 43. Kf1 {[%emt 0:00:13]} Ne6 {[%emt 0:02:15]} 44. Nc7 {[%emt 0:03:25]} Qg5 {[%emt 0:00:32]} 45. Qxg5 {[%emt 0:00:29]} Nxg5 {[%emt 0:00:10]} 46. e5 {[%emt 0:00:33]} dxe5 {[%emt 0:00:15]} 47. h4 {[%emt 0:00:25]} Ne4 {[%emt 0:00:16]} 0-1

[Event "10th Sharjah Cup Women 2020"]
[Site "Sharjah"]
[Date "2020.01.07"]
[Round "4.20"]
[White "Shanya, Mishra"]
[Black "Aysha Nasser H Alshamsi"]
[Result "1-0"]
[WhiteElo "1907"]
[BlackElo "1303"]
[Annotator "NA"]
[PlyCount "81"]
[EventDate "2020.01.04"]
[EventType "swiss"]
[EventCountry "UAE"]
[SourceTitle "playchess.com"]
[Source "ChessBase"]
[SourceQuality "1"]
[TimeControl "5400+30"]

{[%evp 8,53,26,23,18,19,27,32767,59,55,65,45,68,0,30,32767,32767,32767,32767,32767,64,83,111,64,78,75,84,68,88,80,85,34,11,19,3,-24,79,40,49,41,63,0,87,83,93,77,139,45]} 1. d4 {[%emt 0:00:00]} Nf6 {[%emt 0:00:00]} 2. c4 {[%emt 0:00:00]} e6 {[%emt 0:00:00]} 3. g3 {[%emt 0:00:04]} d5 {[%emt 0:00:03]} 4. Bg2 {[%emt 0:00:11]} Be7 {[%emt 0:00:15]} 5. Nf3 {[%emt 0:00:12]} O-O {[%emt 0:00:23]} 6. O-O {[%emt 0:00:11]} dxc4 {[%emt 0:01:02]} 7. Nbd2 {[%emt 0:01:48]} Nc6 {[%emt 0:13:56] E05: Open Catalan: 5 Nf3 Be7} ({Black should try} 7... b5 $1 $15) 8. Nxc4 {[%emt 0:01:16]} a5 $146 {[%emt 0:10:08]} ({Predecessor:} 8... Rb8 9. a3 b5 10. Nfe5 Nxe5 11. Nxe5 Bb7 12. Bxb7 Rxb7 13. Nc6 Qd7 14. Qc2 Rb6 15. Nxe7+ Qxe7 {1-0 (53) Gulko,B (2533)-Zatonskih,A (2473) Rockville 2013}) 9. Bf4 {[%emt 0:06:05]} Nd5 {[%emt 0:05:52]} 10. Bc1 {[%emt 0:00:44]} (10. Bd2 $14) 10... b5 {[%emt 0:08:52]} 11. Ne3 {[%emt 0:05:11]} Bb7 {[%emt 0:01:55]} 12. Nxd5 {[%emt 0:00:45]} exd5 {[%emt 0:01:08]} 13. Bf4 {[%emt 0:00:30]} Bf6 {[%emt 0:06:17]} 14. Rc1 {[%emt 0:00:56]} h6 {[%emt 0:02:09]} 15. h4 {[%emt 0:03:39]} Be7 {[%emt 0:07:08]} 16. a3 {[%emt 0:11:22]} Bd6 {[%emt 0:02:59]} 17. Ne5 {[%emt 0:00:42]} Nxe5 {[%emt 0:00:53]} 18. dxe5 {[%emt 0:01:07]} Be7 {[%emt 0:00:31]} 19. e6 {[%emt 0:00:23]} c5 $1 {[%emt 0:02:45]} 20. exf7+ {[%emt 0:01:16]} Rxf7 {[%emt 0:00:54]} 21. Qb3 {[%emt 0:00:42]} b4 (21... Qd7 $1 $15 {keeps the upper hand.}) 22. Rfd1 {[%emt 0:04:46]} a4 {[%emt 0:05:29]} 23. Qc2 {[%emt 0:01:51]} b3 {[%emt 0:06:06]} 24. Qd2 {[%emt 0:00:26]} (24. Qg6 $14) 24... Rf5 {[%emt 0:04:29]} (24... Qe8 $1 $11 {remains equal.}) 25. Bh3 {[%emt 0:01:12]} Rf6 {[%emt 0:01:41]} (25... Rf8 $11) 26. Be5 {[%emt 0:00:17]} Rb6 {[%emt 0:00:41]} 27. Qf4 $14 {[%emt 0:02:05]} (27. e3 $16) 27... Qf8 {[%emt 0:01:46]} 28. Bf5 {[%emt 0:01:26]} g6 {[%emt 0:11:34]} 29. Bd7 {[%emt 0:01:48]} Qxf4 {[%emt 0:00:47]} 30. gxf4 {[%emt 0:00:29]} Kh7 {[%emt 0:04:39]} 31. h5 {[%emt 0:00:18]} g5 {[%emt 0:00:34]} 32. Bf5+ {[%emt 0:02:34]} Kg8 {[%emt 0:00:10]} 33. fxg5 {[%emt 0:00:21]} hxg5 {[%emt 0:00:11]} 34. f4 {[%emt 0:00:35]} gxf4 {[%emt 0:00:31]} 35. Kh2 {[%emt 0:00:28]} Rf8 {[%emt 0:00:36]} 36. Rg1+ {[%emt 0:00:15]} Kf7 {[%emt 0:00:19]} 37. Bg6+ {[%emt 0:03:54]} Ke6 {[%emt 0:00:17]} 38. Bg7 {[%emt 0:00:07]} Rg8 {[%emt 0:00:33]} 39. h6 {[%emt 0:00:05]} Bf6 {[%emt 0:00:48]} 40. Bh7 {[%emt 0:01:13]} Rc8 {[%emt 0:00:27]} 41. Bxf6 {[%emt 0:00:24]} 1-0

[Event "10th Sharjah Cup Women 2020"]
[Site "Sharjah"]
[Date "2020.01.07"]
[Round "4.21"]
[White "Khalil, Hanan"]
[Black "Kyrkjebo, Marte B."]
[Result "0-1"]
[WhiteElo "1360"]
[BlackElo "1880"]
[Annotator "NA"]
[PlyCount "70"]
[EventDate "2020.01.04"]
[EventType "swiss"]
[EventCountry "UAE"]
[SourceTitle "playchess.com"]
[Source "ChessBase"]
[SourceQuality "1"]
[TimeControl "5400+30"]

1. e4 e5 {[%emt 0:01:29]} 2. Nf3 {[%emt 0:00:00]} Nc6 {[%emt 0:00:13]} 3. Bb5 a6 {[%emt 0:00:20]} 4. Ba4 {[%emt 0:00:01]} Nf6 {[%emt 0:00:13]} 5. d3 {[%emt 0:00:12]} b5 {[%emt 0:00:35]} 6. Bb3 {[%emt 0:00:10]} Bc5 {[%emt 0:00:48]} 7. c3 {[%emt 0:00:35]} d6 {[%emt 0:01:13]} 8. O-O {[%emt 0:00:11]} h6 {[%emt 0:00:50]} 9. Nbd2 {[%emt 0:03:09] C78: Ruy Lopez: Archangelsk and Möller Defences} O-O {[%emt 0:00:59]} 10. Re1 {[%emt 0:01:38]} Bb6 {[%emt 0:01:59]} (10... Ne7 11. a4 b4 12. d4 bxc3 13. bxc3 exd4 14. cxd4 Bb4 15. Re3 Ng6 16. h3 a5 {0-1 (65) Zhigalko,S (2638)-Giri,A (2762) Heraklio 2017}) 11. h3 {[%emt 0:01:30]} Ne7 {[%emt 0:07:05]} 12. Nf1 {[%emt 0:01:19]} Ng6 {[%emt 0:02:12]} 13. Ng3 {[%emt 0:08:43]} Be6 {[%emt 0:02:56]} 14. Bc2 {[%emt 0:02:38]} Re8 {[%emt 0:06:33]} 15. a4 {[%emt 0:06:55]} d5 {[%emt 0:10:20]} 16. d4 $146 {[%emt 0:15:44]} ({Predecessor:} 16. Qe2 dxe4 17. dxe4 {½-½ (48) Mustaps,M (2267)-Krustkalns,K (2174) Liepaja 2014}) 16... exd4 {[%emt 0:25:07]} 17. Nxd4 {[%emt 0:01:26]} (17. e5 $16 Nd7 18. cxd4) 17... Nxe4 {[%emt 0:06:08]} 18. Nxe4 {[%emt 0:03:37]} ({Don't play} 18. axb5 Nxg3 19. Bxg6 Bxd4 $15) 18... dxe4 {[%emt 0:00:25]} 19. Bxe4 {[%emt 0:00:10]} Bd5 {[%emt 0:03:48]} 20. Bxd5 {[%emt 0:05:53]} Qxd5 {[%emt 0:00:10]} 21. Rxe8+ {[%emt 0:00:38]} Rxe8 {[%emt 0:00:12]} 22. Be3 $17 {[%emt 0:01:17]} Rd8 {[%emt 0:04:21]} 23. Qg4 {[%emt 0:05:30]} Kh7 {[%emt 0:05:31]} 24. axb5 {[%emt 0:04:52]} axb5 {[%emt 0:00:27]} 25. Qe2 {[%emt 0:02:48]} c6 {[%emt 0:02:09]} 26. Ra6 {[%emt 0:01:52]} Rb8 {[%emt 0:02:01]} 27. Qc2 {[%emt 0:07:52]} Kg8 {[%emt 0:03:27]} 28. Nf5 {[%emt 0:03:08]} Bc7 {[%emt 0:02:37]} 29. Ra7 {[%emt 0:02:43]} Be5 {[%emt 0:01:05]} 30. Bd4 {[%emt 0:07:52]} Bxd4 {[%emt 0:02:50]} 31. Nxd4 {[%emt 0:00:05]} Nf4 {[%emt 0:00:41]} 32. Nf3 {[%emt 0:00:18]} Nxh3+ {[%emt 0:01:11]} 33. gxh3 {[%emt 0:00:56]} Qxf3 {[%emt 0:00:09]} 34. Kh2 {[%emt 0:00:08]} Re8 {[%emt 0:01:01]} 35. Rc7 {[%emt 0:00:29]} Qf4+ {[%emt 0:00:20]} 0-1

[Event "10th Sharjah Cup Women 2020"]
[Site "Sharjah"]
[Date "2020.01.07"]
[Round "4.22"]
[White "Al Maamari, Wafia Darwish"]
[Black "alyazia Humaid alhasani"]
[Result "1-0"]
[WhiteElo "1866"]
[BlackElo "1119"]
[Annotator "NA RC"]
[PlyCount "31"]
[EventDate "2020.01.04"]
[EventType "swiss"]
[EventCountry "UAE"]
[SourceTitle "playchess.com"]
[Source "ChessBase"]
[SourceQuality "1"]
[TimeControl "5400+30"]

{[%evp 10,27,-24,-42,3,-37,32767,-29,-29,-24,-47,-16,-49,-142,548,531,29993,29994,29995,29996]} 1. e4 {[%emt 0:00:00]} e6 {[%emt 0:00:04]} 2. d4 {[%emt 0:00:00]} d5 {[%emt 0:00:26]} 3. Nc3 {[%emt 0:00:06]} Nf6 {[%emt 0:00:54]} 4. e5 {[%emt 0:00:16]} Nfd7 {[%emt 0:01:16]} 5. Nf3 {[%emt 0:07:21]} c5 {[%emt 0:02:06]} 6. Bf4 {[%emt 0:03:53]} a6 {[%emt 0:06:35]} 7. Be2 {[%emt 0:02:51]} Nc6 {[%emt 0:00:49]} 8. dxc5 {[%emt 0:01:03]} Bxc5 {[%emt 0:00:25]} 9. O-O {[%emt 0:01:00]} Qc7 {[%emt 0:02:27]} 10. Re1 {[%emt 0:00:42]} O-O {[%emt 0:06:40]} ({Don't blunder} 10... Ncxe5 $2 11. Nxe5 O-O 12. Bg4 $18) 11. Bd3 {[%emt 0:01:30] [#]} ({White should try} 11. Na4 $15) 11... Qb6 $2 {[%emt 0:02:53] [#]} (11... f6 $1 $17 {keeps the pressure on.} 12. Be3 Ncxe5 13. Bxc5 Qxc5) 12. Bxh7+ $1 {[%emt 0:00:32]} Kxh7 {[%emt 0:04:48] [#]} 13. Ng5+ {[%emt 0:00:09]} Kg6 {[%emt 0:00:13]} 14. Qd3+ {[%emt 0:02:53]} f5 {[%emt 0:05:41]} 15. exf6+ {[%emt 0:00:11]} Kxf6 {[%emt 0:00:03]} 16. Rxe6# {[%emt 0:00:11]} 1-0

[Event "10th Sharjah Cup Women 2020"]
[Site "Sharjah"]
[Date "2020.01.07"]
[Round "4.23"]
[White "Mira, Husain Al Hammadi"]
[Black "Greibrokk, Ingrid"]
[Result "0-1"]
[WhiteElo "1048"]
[BlackElo "1855"]
[Annotator "NA RC"]
[PlyCount "52"]
[EventDate "2020.01.04"]
[EventType "swiss"]
[EventCountry "UAE"]
[SourceTitle "playchess.com"]
[Source "ChessBase"]
[SourceQuality "1"]
[TimeControl "5400+30"]

{[%evp 14,52,-28,-86,-87,-98,-85,-68,32767,-145,32767,32767,32767,32767,32767,-134,32767,32767,32767,32767,32767,-289,-323,-316,-387,-364,-339,-336,-422,-860,32767,32767,-1269,-1055,-773,-1829,-5493,-1864,-2070,-29997,-29998]} 1. f4 {[%emt 0:00:00]} d5 {[%emt 0:00:36]} 2. Nf3 {[%emt 0:00:00]} g6 {[%emt 0:00:34]} 3. e3 {[%emt 0:00:25]} Bg7 {[%emt 0:00:40]} 4. Be2 {[%emt 0:00:32]} e6 {[%emt 0:00:18]} (4... b6 5. O-O Bb7 6. Ne5 Nf6 7. d3 Nfd7 8. d4 Nxe5 9. fxe5 O-O 10. Nd2 Nd7 11. Nf3 e6 12. Bd2 {0-1 (56) Adhiban,B (2655)-Li,C (2732) Riadh 2017}) 5. O-O {[%emt 0:00:52]} Ne7 {[%emt 0:00:14]} 6. Qe1 {[%emt 0:01:59] A03: Bird's Opening with 1...d5} O-O {[%emt 0:00:48]} 7. g4 $146 {[%emt 0:02:33]} ({Predecessor:} 7. d3 c5 8. Nbd2 b5 9. Ne5 Qb6 10. Ndf3 Nbc6 11. Qh4 {1-0 (23) Heymann,U-Elschner,A Halle 1993}) 7... c5 {[%emt 0:06:18]} 8. h4 {[%emt 0:04:41]} (8. d4 $11) 8... Nbc6 {[%emt 0:02:11]} 9. c3 {[%emt 0:03:34]} f5 {[%emt 0:03:09]} 10. g5 {[%emt 0:05:59]} e5 {[%emt 0:02:03]} 11. Qg3 {[%emt 0:01:35]} ({White should play} 11. d4 $15) 11... e4 {[%emt 0:18:06]} 12. Nh2 {[%emt 0:00:47]} Be6 {[%emt 0:00:49]} 13. d4 {[%emt 0:01:02]} exd3 {[%emt 0:02:51]} 14. Bxd3 {[%emt 0:00:31]} d4 {[%emt 0:00:10]} 15. e4 {[%emt 0:00:49]} fxe4 {[%emt 0:00:46]} 16. Bxe4 {[%emt 0:00:25]} Nf5 {[%emt 0:00:37]} 17. Bxf5 {[%emt 0:01:37]} Bxf5 {[%emt 0:00:14]} ({Don't take} 17... Rxf5 18. Re1 $19) 18. Ng4 {[%emt 0:00:24]} Qd7 {[%emt 0:06:20]} 19. Nh6+ {[%emt 0:01:15]} Bxh6 {[%emt 0:02:34]} 20. gxh6 {[%emt 0:00:30]} Rae8 {[%emt 0:00:05]} 21. Re1 {[%emt 0:01:01]} (21. h5 $142 Bh3 22. Rf3) 21... Rxe1+ {[%emt 0:00:52]} 22. Qxe1 {[%emt 0:00:08]} Re8 {[%emt 0:00:05]} 23. Qf2 {[%emt 0:01:24]} Bxb1 {[%emt 0:02:10]} 24. Rxb1 {[%emt 0:05:37]} Qg4+ {[%emt 0:00:06]} 25. Kh1 {[%emt 0:04:17]} Re2 {[%emt 0:00:23]} 26. Qf1 {[%emt 0:00:43]} Qxh4+ {[%emt 0:00:10] Double Attack} 0-1

[Event "10th Sharjah Cup Women 2020"]
[Site "Sharjah"]
[Date "2020.01.07"]
[Round "5.1"]
[White "Bulmaga, Irina"]
[Black "Dordzhieva, Dinara"]
[Result "1-0"]
[WhiteElo "2446"]
[BlackElo "2326"]
[Annotator "TA"]
[PlyCount "69"]
[EventDate "2020.01.04"]
[EventType "swiss"]
[EventCountry "UAE"]
[SourceTitle "playchess.com"]
[Source "ChessBase"]
[SourceQuality "1"]

{[%evp 17,69,0,0,-17,0,-45,73,8,10,-8,-5,-16,14,0,65,71,748,723,733,700,578,170,142,0,29979,847,29980,29981,29981,29982,6056,541,847,847,1653,841,796,749,5385,821,820,819,821,806,798,812,816,794,814,800,818,809,1800,951]} 1. e4 d6 2. d4 Nf6 3. Nc3 g6 4. f4 Bg7 5. Nf3 O-O 6. e5 dxe5 7. fxe5 Nd5 8. Bc4 Nxc3 9. bxc3 c5 10. O-O {B09: Pirc Defence: Austrian Attack} Bg4 11. Qd3 {Black must now prevent Ng5.} Bxf3 (11... Nc6 $1 $15 {stays ahead.} 12. Ng5 e6) 12. Rxf3 (12. Qxf3 $16 Nc6 13. Bxf7+ Kh8 14. Qh3 cxd4 15. Bxg6 Rxf1+ 16. Kxf1) 12... Nc6 $11 {[%cal Rc5d4]} 13. Be3 {And now Raf1 would win.} e6 14. Raf1 {[#] Rxf7! is the strong threat.} Qd7 $146 ({Predecessor:} 14... Qc7 15. Bg5 cxd4 16. cxd4 Qb6 17. Be3 Rad8 {0-1 (42) Pichot,A (2552)-Movsziszian,K (2540) Barcelona 2018}) 15. Rh3 ({Much worse is} 15. dxc5 Qxd3 16. Bxd3 Nxe5 $17) 15... a6 (15... Rad8 $11) 16. Qe4 $1 $36 {[%mdl 2048] White is on the roll.} Rfd8 $2 {[%mdl 8192]} (16... Qe7 $16) 17. Qh4 $1 $18 {[%cal Rh4h7]} h5 18. g4 $1 (18. Rhf3 Rf8 $14) 18... cxd4 19. cxd4 $2 (19. gxh5 dxe3 20. hxg6) 19... Nxd4 20. Bd3 (20. c3 $16 Rac8 21. Bxd4 (21. cxd4 Rxc4 22. gxh5 Rxd4 $16) 21... Rxc4 22. gxh5 Rxd4 23. cxd4 (23. Qxd4 Qxd4+ 24. cxd4 Rxd4 $16) 23... Qxd4+ 24. Qxd4 Rxd4 25. h6) 20... hxg4 $4 {[%mdl 8192]} (20... Bxe5 $11 21. Bg5 Rf8) 21. Qh7+ Kf8 {[#]} 22. Bh6 $1 {[%mdl 512]} Nf5 {[#]} 23. Rxf5 $1 {[%mdl 512]} Qd4+ {[#]} (23... exf5 24. Qxg7+) 24. Re3 (24. Rf2 $142 $1 Qxe5 25. Re3 Qa1+ 26. Kg2 $1 {[%mdl 512]}) 24... exf5 25. Qxg7+ Ke8 26. Qh8+ Ke7 27. Qf6+ Ke8 {[#]} 28. Bg5 (28. c3 $142 $1 {[%mdl 512]} Qxd3 (28... Qxc3 29. Bb5+) 29. Rxd3 Rxd3 30. Bg5 Rd1+ 31. Kg2 Kd7 32. Qxf7+ Kc6 33. Qc4+ Kd7 34. Qa4+ Kc7 35. Qxd1) 28... Kd7 29. e6+ {[%mdl 64] Discovered Attack} Kc6 30. exf7+ Qxf6 31. Bxf6 Rf8 32. Bc4 f4 33. Re4 b5 34. Bb3 Ra7 35. Be7 {Accuracy: White = 48%, Black = 36%.} 1-0

[Event "10th Sharjah Cup Women 2020"]
[Site "Sharjah"]
[Date "2020.01.07"]
[Round "5.2"]
[White "Socko, Monika"]
[Black "Rapport, Jovana"]
[Result "1/2-1/2"]
[WhiteElo "2413"]
[BlackElo "2333"]
[Annotator "TA"]
[PlyCount "65"]
[EventDate "2020.01.04"]
[EventType "swiss"]
[EventCountry "UAE"]
[SourceTitle "playchess.com"]
[Source "ChessBase"]
[SourceQuality "1"]

{[%evp 13,65,15,24,26,25,11,11,11,69,68,52,64,59,33,32,18,28,18,30,31,22,9,16,0,18,18,20,21,24,17,25,26,44,53,66,30,81,22,33,0,0,0,0,-27,-35,-31,-31,-35,-23,-35,-35,-25,-27,-28]} 1. e4 c6 2. d4 d5 3. exd5 cxd5 4. Bd3 Nf6 5. c3 Nc6 6. h3 e5 7. dxe5 Nxe5 8. Qe2 {B13: Caro-Kann: Exchange Variation and Panov-Botvinnik Attack} (8. Nf3 Nxd3+ 9. Qxd3 Be7 10. O-O O-O 11. Be3 b6 12. Nd4 Bb7 13. Bg5 h6 14. Bh4 Qd7 15. Re1 Rae8 16. Nd2 g5 17. Bg3 Ne4 18. Nf1 f5 {1-0 (54) Alekseev,E (2638)-Bocharov,D (2593) Khanty-Mansiysk 2016}) 8... Ne4 9. Bb5+ Bd7 {And now ...Bc5 would win.} 10. Nf3 {The position is equal.} a6 $146 ({Black should try} 10... Bxb5 $11 11. Qxb5+ {[%mdl 64] Double Attack} Qd7 12. Qxd7+ Nxd7) ({Predecessor:} 10... Ng6 11. O-O Bc5 12. Be3 O-O 13. Bxd7 Qxd7 14. Bxc5 Nxc5 15. Nd4 Rfe8 {1-0 (85) Yudin,S (2507)-Shuvalova,P (2441) Khanty-Mansiysk 2018}) 11. Bxd7+ $14 Nxd7 12. Nbd2 Ndf6 13. O-O Bc5 14. Nb3 {[%cal Bd2b3,Bb3d4,Bd4c2,Bc2b4,Bb4c6][%mdl 32]} Bb6 15. Be3 O-O 16. Rad1 Re8 {[#] Strongly threatening ...Ng3!} 17. Nbd4 Qc7 18. Rfe1 Rad8 19. Qc2 Ba7 20. Qb3 b5 21. Qa3 Qc8 22. Nc2 Bb8 23. Nb4 Bd6 24. Qb3 Qc4 (24... Nc5 $11 25. Bxc5 Rxe1+ 26. Rxe1 Bxc5) 25. Qxc4 ({Stronger than} 25. Nxd5 Nxd5 26. Qxc4 bxc4 $17) (25. Nd4 $16) 25... bxc4 26. a3 a5 $1 {[%cal Ra5b4]} 27. Nc6 {[%mdl 64] [#] Double Attack} Ra8 $1 28. Ng5 Nc5 29. Bxc5 $1 Bxc5 30. Kf1 Rxe1+ 31. Rxe1 h6 32. Nf3 Ne4 33. Nfd4 {Accuracy: White = 55%, Black = 55%.} 1/2-1/2